000 00253 a2200133 4500
001 194782
040 _cMagnum
100 _aPompéia, Raul
240 1 0 _aO Ateneu
_l
245 1 0 _aO Ateneu
300 _a93
697 _aLITERATURA GERAL
942 _cBK
999 _c194782
_d194782